| 000 | 00777nam a2200253 a 4500 | ||
|---|---|---|---|
| 001 | BRCA_4154 | ||
| 005 | 20190320204550.0 | ||
| 008 | 050510s1968----sz-a######---#000-0#eng-# | ||
| 041 | _aeng | ||
| 044 | _asz | ||
| 050 | 4 |
_aF1216 _b.R65 1968 |
|
| 100 | 1 |
_aRoiter, Fulvio _910736 |
|
| 245 | 1 | 0 |
_aMéxico _cFulvio Roiter ; texto de Carlos Pellicer y Salvador Novo. |
| 260 |
_aZurich, Suiza _bAtlantis _cc1968 |
||
| 300 |
_a1 v. (sin paginación) _bil. (algunas a color), 169 fotos _c31 cm. |
||
| 500 | _aEdición elaborada para Olivetti Mexicana, S.A. | ||
| 500 | _aC185 | ||
| 650 | 1 | 4 |
_aViajeros italianos _910737 |
| 651 | 4 |
_aMéxico _xDescripción y viajes _9103 |
|
| 700 | 1 |
_aPellicer, Carlos _97681 |
|
| 700 | 1 |
_aNovo, Salvador _910738 |
|
| 902 | _aGFM | ||
| 942 |
_2lcc _cB |
||
| 999 |
_c3870 _d3870 |
||